Statistics for Bible Trivia Challenge Quiz #3

Click here to take the quiz!

General Stats

  • This quiz has been taken 139 times
  • The average score is 13 of 30

Answer Stats

QuestionAnswer% Correct
Lot's wife was turned into a pillar of what?A a pillar of salt
90%
For the wages of sin is _____; but the gift of God is eternal life through Jesus Christ out Lord.Death
79%
Who was the disciple "whom Jesus loved"?John
78%
How many people were on the ark with Moses?Zero, Moses did not build the ark.
78%
The Sabbath
73%
Name what was created on each of the days of creation, in order from the 1st day to the 7th.Light
71%
Animals and man
68%
How many chapters are in the book of Jude?One
62%
What city was Saul on his way to when he was confronted by the Lord?The City of Damascus
58%
Birds and Fish
48%
Who was the first person in the Bible (out of three, besides Jesus) to go to Heaven?Enoch
47%
How many times did Peter deny knowing Christ?Three times
46%
Land and vegetation
44%
Who was the thrid person in the Bible to go to Heaven?Elijah
43%
How many barrels of water did Elijah pour on his alter atop Mount Carmel?12 barrels
42%
Firmament
42%
How many people were aboard Noah's ark?Eight
41%
Of the three above, how many never died?2, Enoch and Elijah
39%
When Zechariah did not believe the Angel's words that his wife would have a child, Zechariah lost his ability to do what?Speak
33%
Who was the second person in the Bible to go to Heaven?Moses
31%
How many men did Gideon have in the end to fight the Midianites?300
30%
Right before Elijah was taken up to Heaven, Elisha asked for a ______ _______ of Elijah's spirit.double portion
26%
How many wise men went to see Baby Jesus?The Bible does not say
25%
What slave owner owned Onesimus?Philemon
20%
Sun, moon, and stars
19%
According to Jude, who was the seventh from Adam?Enoch
17%
What was the name of the left handed man who killed a fat king? (Judges chapter 3)Ehud
13%
What gave power to the beast that rose out of the sea in Revelation 13?The Dragon
11%
What land did Moses die in?In the land of Moab
10%
To every thing there is a season, and a time to every purpose under the heaven... A time to rend, and a time to sew; a time to ____ _______, and a time to _____.keep silence, speak
4%

Score Distribution

Percentile by Number Answered

Percent of People with Each Score

Your Score History

You have not taken this quiz